00286pam a2200121 a 4500020000500000041000500005082001000010100002400020245004400044250000900088260005900097300000800156 c h a658.4 aPUGH (D.S.)eauthor aOrganisational TheoryhTextual Document a2nd  bPenguin Books India Pvt. Ltd. New Delhi , Londonc1984 a448